000
00296 a2200145 4500
001
150107
040
_c
Escola São Tomás de Aquino
100
_a
MURRAY, Roseana
240
1
0
_a
Felicidade
_l
por
245
1
0
_a
Felicidade
362
0
_a
1999
440
1
_a
FTD
697
_a
Poesia
942
_c
BK
999
_c
150107
_d
150107